000 00524nam a22001817a 4500
005 20250704150901.0
010 _aENG-145692
020 _a9789392210822
_c649.00
035 _aEN-129224
037 _bDBAD
082 _aN
_21
100 _aMachiavelli, Niccolo
_982611
245 _aPrince/
_cNiccolo Machiavelli
260 _aChandigarh
_bThe Browser
_c2025
270 _bChandigarh
_aSCO 14-15, Sector 8-C
_e160009
_mservice@thebrowser.org
300 _a136p.
_c20cm(pb)
942 _2ddc
_cEN
_h921
_mMAC
999 _c212106
_d212106